| 000 | 00920nam0a22002891 4500 | ||
|---|---|---|---|
| 001 | 2562631 | ||
| 005 | 20251118181731.8 | ||
| 021 |
_aRU _b79-23917 |
||
| 035 | _a(NLR Aleph) 006447593 | ||
| 090 |
_a5704898 _c5704898 |
||
| 100 | _a20110316d1979 u y0rusy50 ca | ||
| 101 | 1 |
_arus _aeng _crus |
|
| 102 | _aRU | ||
| 105 | _aac z ||||| | ||
| 200 | 1 |
_aFirm friends for 60 years _eSixty years of diplomatic relations between the USSR and Afghanistan _fRuslan Sikoyev |
|
| 210 |
_aMoscow _cNovosti press agency publ. house _d1979 |
||
| 215 |
_a71 с. _cил., портр. _d17 |
||
| 686 |
_aТ3(2)7-64(5Аф),02 _2rubbk |
||
| 686 |
_aТ3(5Аф)6-64(2),02 _2rubbk |
||
| 700 | 1 |
_aСикоев _bР.Р. _gРуслан Романович |
|
| 801 | 0 |
_aRU _bNLR _gpsbo |
|
| 801 | 1 |
_aRU _bELAR _2rusmarc |
|
| 852 |
_aNLR _jDesideratum |
||
| 899 |
_aRuMoRGB _jM 79-14/174 |
||
| 899 |
_aRuMoRGB _j801-86/14693-3 |
||
| 942 | _cBOOK | ||
| 980 | _aNB | ||